|
|
|
|
| LEADER |
00718nam#a2200241#a#4500 |
| 001 |
007077 |
| 005 |
20160721144210.0 |
| 008 |
010605s2000####xxu#################eng#d |
| 020 |
|
|
|a 0821345532
|
| 040 |
|
|
|a AR-beUNQ
|
| 099 |
|
|
|a 05-W9
|
| 110 |
2 |
|
|a World Bank
|
| 245 |
0 |
0 |
|a World Development Indicators
|c World Bank.
|
| 260 |
|
|
|a Washington :
|b The World Bank,
|c 2000
|
| 300 |
|
|
|a 389 p. :
|b tablas, gráficos
|
| 650 |
|
7 |
|a DESARROLLO INTERNACIONAL
|2 Spines
|
| 650 |
|
7 |
|a INDICADORES
|2 Spines
|
| 650 |
|
7 |
|a POBREZA
|2 Spines
|
| 650 |
|
7 |
|a MEDIO AMBIENTE FISICO
|2 Spines
|
| 650 |
|
7 |
|a ECONOMIA
|2 Spines
|
| 929 |
|
|
|a COMPRA
|b Alfagrama
|c Exp. 827-0113/00
|d 77,80
|e 20010531
|f patrimonio
|j 29070
|
| 942 |
|
|
|c LIB
|n 0
|
| 999 |
|
|
|c 9723
|d 85110
|